Tres momentos de la coyuntura salvadoreña: la ofensiva general-enero de 1981

সংরক্ষণ করুন:
গ্রন্থ-পঞ্জীর বিবরন
বিন্যাস: পাঠ‍্য
ট্যাগগুলো: ট্যাগ যুক্ত করুন
কোনো ট্যাগ নেই, প্রথমজন হিসাবে ট্যাগ করুন!

MARC

LEADER 00000 a a2200000 04500
001 18058
003
040
245 |a Tres momentos de la coyuntura salvadoreña:   |b la ofensiva general-enero de 1981  
773 |g volumen 5, número 21; páginas 249-251  
999 |c 33522  |d 33522 
773 0 |0 42391  |9 3905  |a Agencia Latinoamericana de Información, ALAI  |d Quito, Ecuador: ALAI  |o 04424  |t ALAI:  |x 08275564 (Servicio mensual de información y documentación)